000 00676cam a22002291 4500
001 ne 66000781
003 DLC
005 20260227111822.0
008 880610s1965 le b 000 0 arar
010 _ane 66000781
035 _a(OCoLC)18068865
040 _aDLC
_cWaU
_dMiU
_dCU
_dDLC
042 _apremarc
050 0 0 _aPJ7808.S48
_bZ87
100 1 _aSharārah, ʻAbd al-Latīf.
245 0 0 _aIlyās Abū Shabakah,
_bdirāsah taḥlīlīyah.
_cBi-qalam ʻAbd al-Laṭīf Sharārah.
260 _aBayrūt,
_bDār Ṣādir,
_c1965.
300 _a237 p.
440 0 _aShuʻarāʼunā,
_v10
504 _aBibliography: p.63.
600 2 0 _aAbū Shabakah, Ilyās,
_d1904-1947.
999 _c48830
_d48830